000
00223nam a22001097a 4500
082
_a
669 VAS'M
100
_a
VASILYEV, M
_9
80503
245
_a
METALS AND MAN
260
_a
MOSCOW
_b
MIR
_c
1967
300
_a
284P
942
_c
BK
999
_c
585428
_d
585428